Pohronský hlas orgán OV KSS a ONV v Novej Bani

Podrobná bibliografia
Predchádzajúci názov:Dedinské noviny
Ďalší autori: Caban, S. (Šéfredaktor, zodpovedný redaktor)
Médium: Časopis
Jazyk:slovenčina
Fyzický popis:2 zv. 43 cm
Vydavateľské údaje: Nová Baňa OV KSS v Novej Bani Rada ONV v Novej Bani 1959-1960
Predmet:

MARC

LEADER 00000cas a22000001a 4500
001 vtls010301931
003 SK-MaSNL
005 20260228162601.0
008 151014d19591960xo wr|p 0 b0slo
040 |a SNK  |b slo  |c SNK  |e AACR2 
041 0 |a slo 
043 |a e-xo--- 
044 |a xo  |c SK 
072 7 |a 63  |x Poľnohospodárstvo a príbuzné oblasti vedy a techniky  |2 konspekt 
072 7 |a 352/354  |x Stupne miestnej, oblastnej a ústrednej správy  |2 konspekt 
080 |a 63  |2 2001 
080 |a 050  |2 2001 
080 |a (437.6)  |2 2001 
080 |a 353  |2 2001 
245 0 0 |a Pohronský hlas  |b orgán OV KSS a ONV v Novej Bani 
260 |a Nová Baňa  |b OV KSS v Novej Bani  |b Rada ONV v Novej Bani  |c 1959-1960 
300 |a 2 zv.  |c 43 cm 
310 |a 1x týždenne 
362 0 |a Roč. I, č. 1 (7. nov. 1959)-roč. II, č. 11 (21. marec 1960) 
500 |a Pokračovanie Dedinskych novín. Po územnej reorganizácii vychádzal spoločne s okresnými novinami Žiara socializmu 
500 |a Zodp. red.: S. Caban 
650 0 7 |a územná správa  |2 SNKPH  |9 801 
651 7 |a Nová Baňa (Slovensko)  |2 SNKH  |9 31692 
651 7 |a Horehronie (Slovensko : región)  |2 SNKPH  |9 165103 
655 7 |a regionálne periodiká  |2 SNKPH  |9 131775 
700 1 |a Caban, S.  |4 pbd  |9 271492 
780 0 0 |t Dedinské noviny  |w vtls010301139 
910 |a snk 
916 |a 1959-1960 
958 |a OND 
999 |c 8085  |d 10015 
952 |0 0  |1 0  |4 0  |7 0  |a SNK  |b SNK  |d 2015-10-13  |f 1  |l 0  |o snkČSB 1336/1/1959  |p 17A0750355  |r 2026-02-21 20:53:21  |t č. 1-8  |w 2026-02-21  |y PREZ  |z Bez prírastkového čisla 
952 |0 0  |1 0  |4 0  |7 0  |a SNK  |b SNK  |d 2015-10-13  |f 1  |i snkČSP 1396/61  |l 0  |o snkČSB 1336/2/1960  |p 17A0750354  |r 2026-02-21 20:53:21  |t č. 1-11  |w 2026-02-21  |y PREZ